000 00288nam a22001337a 4500
008 181221b xxu||||| |||| 00| 0 eng d
020 _a0812368959
041 _aeng
080 _a510
100 _a37
101 _aMAT
245 _aIntegrated Mathematics
_cLittel.M
942 _2udc
_cBK
999 _c53603
_d53603